| 000 | 00906nam a2200181Ia 4500 | ||
|---|---|---|---|
| 008 | 090124s9999 xx 000 0 und d | ||
| 082 | _b4975 | ||
| 100 | _aदाते यशवंत रामकृष्ण | ||
| 245 | _a महाराष्ट्र वाक्यसंप्रदाय कोश विभाग 2रा द-ज्ञ | ||
| 250 | _a0 | ||
| 260 |
_bमहाराष्ट्र कोशमंडळ लिमिटेड. _c1947 |
||
| 300 | _a640 | ||
| 600 | _aदाते यशवंत रामकृष्ण | ||
| 630 | _a महाराष्ट्र वाक्यसंप्रदाय कोश विभाग 2रा द-ज्ञ | ||
| 700 | _aदाते यशवंत रामकृष्ण | ||
| 730 | _a महाराष्ट्र वाक्यसंप्रदाय कोश विभाग 2रा द-ज्ञ | ||
| 942 | _cBOOK | ||
| 999 |
_c100665 _d100665 |
||